Sports Quiz

Random Sports Quiz

PWI Tag Team Of The Year Quiz Stats

 Plays Quiz not verified by Sporcle

Challenge
Share
Tweet
Embed
Score 0/78 Timer 10:00
0 Plays Today
Year Team Member % Correct
1983Animal
93%
1984Animal
93%
1985Animal
93%
1988Animal
93%
2001Bubba Ray Dudley
93%
2001D-von Dudley
93%
2009Bubba Ray Dudley
93%
2009D-von Dudley
93%
1983Hawk
92.8%
1984Hawk
92.8%
1985Hawk
92.8%
1988Hawk
92.8%
2000Jeff Hardy
90.9%
2000Matt Hardy
90.9%
1995Booker T
82.6%
1996Booker T
82.6%
1990Scott Steiner
81.9%
1990Rick Steiner
81.9%
1993Scott Steiner
81.9%
1993Rick Steiner
81.9%
1989Arn Anderson
81.2%
1995Stevie Ray
80.7%
1996Stevie Ray
80.7%
1991Arn Anderson
79.3%
1998Billy Gunn
78.8%
1975Gene Anderson
78.4%
1975Ole Anderson
78.4%
1977Gene Anderson
78.4%
1977Ole Anderson
78.4%
1998Road Dogg
78.1%
1989Tully Blanchard
77.7%
2002Billy
73.7%
1987Bobby Eaton
69.8%
2002Chuck
69.1%
1987Stan Lane
68.6%
1997Scott Hall
68.4%
1997Kevin Nash
68.4%
1986Ricky Morton
66.7%
1986Robert Gibson
66.7%
Year Team Member % Correct
1999Kane
64%
2008James Storm
62.6%
2003Shelton Benjamin
61.6%
2003Charlie Haas
61.4%
2004James Storm
59.8%
2008Robert Roode
59.5%
1999X-Pac
59.1%
1981Michael Hayes
57.2%
1981Terry Gordy
55.6%
2004Chris Harris
54.7%
1992Terry Gordy
49.5%
1991Larry Zbyszko
49.3%
1992Steve Williams
48.1%
1994Brian Knobbs
48.1%
1994Jerry Sags
48.1%
1978Ricky Steamboat
47.4%
2005Johnny Nitro
43.7%
2005Joey Mercury
42.3%
1974Jimmy Valiant
36%
1974Johnny Valiant
36%
2006AJ Styles
35.8%
2006Christopher Daniels
35.3%
1979Tito Santana
34.7%
2010Chris Sabin
34.4%
2010Alex Shelley
33.5%
1973Ray Stevens
31.4%
1980Jimmy Snuka
31.4%
1980Ray Stevens
31.4%
2007Paul London
31.4%
2007Brian Kendrick
31.2%
1978Paul Jones
26.5%
1973Nick Bockwinkel
26%
1982Jim Brunzell
24.9%
1982Greg Gagne
24.2%
1972The Crusher
17%
1972Dick the Bruiser
16%
1979Ivan Putski
16%
1976The Executioners
10.5%
1976The Executioners
10.5%

You're not logged in!

Compare scores with friends on all Sporcle quizzes.
OR
Log In

You Might Also Like...

Show Comments

Extras

Created Mar 24, 2011ReportNominate
Tags:PWI, tag, Tag Team, team

Top Quizzes Today


Score Distribution

Your Account Isn't Verified!

In order to create a playlist on Sporcle, you need to verify the email address you used during registration. Go to your Sporcle Settings to finish the process.

Report this User

Report this user for behavior that violates our Community Guidelines.

Details: